| Поле | Инд. | ПП | Название | Значение |
|---|---|---|---|---|
| Тип записи | a | |||
| Библиографический уровень | m | |||
| 001 | Контрольный номер | RU/IS/BASE/291220331 | ||
| 005 | Дата корректировки | 20251106102733.5 | ||
| 020 | a | ISBN | 978-5-691-01442-0 | |
| 084 | a | Индекс другой классификации/Индекс ББК | 84(2=411.2)-5я43; 83.3(2=411.2)52я43; 84(2=411.2)52-5я43 | |
| 090 | a | Полочн. индекс | 84(2=411.2)-5я43 | |
| x | Авторский знак | П 77 | ||
| 245 | 10 | a | Заглавие | Природа в произведениях русских поэтов от Г. Р. Державина до И. А. Бунина |
| b | Продолж. заглавия | антология: в 2 ч. | ||
| n | Номер части/ раздела | Ч.2 | ||
| p | Название части/ раздела | От А. К. Толстого до И. А. Бунина | ||
| c | Ответственность | составители В. Я. Коровина, В. И. Коровин; редактор И. С. Алексеева | ||
| 260 | b | Издательство | ВЛАДОС | |
| c | Дата издания | 2009 | ||
| a | Место издания | Москва | ||
| 300 | a | Объем | 272 с. | |
| 336 | a | Термин вида содержания | Текст | |
| 337 | a | Термин типа средства | непосредственный | |
| 440 | _0 | a | Серия | Литературная библиотека школьника |
| 505 | 0_ | a | Форматированное содержание | Уроки по изучению лирики в школе |
| b | Автор | Беляев Н. В. | ||
| 521 | 0_ | a | Примеч. о целев. назн. | школьники; учителя; студенты |
| 650 | 04 | a | Основная рубрика | литературоведение |
| a | Основная рубрика | художественная литература | ||
| 653 | 0_ | a | Ключевые слова | XIX век |
| a | Ключевые слова | анализ литературного произведения | ||
| a | Ключевые слова | красота русской природы | ||
| a | Ключевые слова | новое время | ||
| a | Ключевые слова | природы тема | ||
| a | Ключевые слова | Россия | ||
| a | Ключевые слова | русская литература | ||
| 655 | a | Жанр/ форма (устаревшее) | поэзия | |
| a | Жанр/ форма (устаревшее) | стихотворение | ||
| 700 | 12 | a | Автор | Коровина В. Я. |
| e | Роль лиц | составитель | ||
| 700 | 1_ | a | Автор | Коровин В. И. |
| e | Роль лиц | составитель | ||
| 700 | 1_ | a | Автор | Алексеева И. С. |
| e | Роль лиц | редактор | ||
| 700 | 1_ | a | Автор | Беляев Н. В. |
| e | Роль лиц | автор статьи | ||
| 700 | 1_ | a | Автор | Толстой А. К. |
| q | Полное имя | Толстой Алексей Константинович | ||
| 700 | 1_ | a | Автор | Мей Л. А. |
| q | Полное имя | Мей Лев Александрович | ||
| 700 | 1_ | a | Автор | Некрасов Н. А. |
| q | Полное имя | Некрасов Николай Алексеевич | ||
| 700 | 1_ | a | Автор | Никитин И. С. |
| q | Полное имя | Никитин Иван Саввич | ||
| 700 | 1_ | a | Автор | Суриков И. З. |
| q | Полное имя | Суриков Иван Захарович | ||
| 700 | 1_ | a | Автор | Жемчужников А. М. |
| q | Полное имя | Жемчужников Алексей Михайлович | ||
| 700 | 1_ | a | Автор | Апухтин А. Н. |
| q | Полное имя | Апухтин Алексей Николаевич | ||
| 700 | 1_ | a | Автор | Соловьев В. С. |
| q | Полное имя | Соловьев Владимир Сергеевич | ||
| 700 | 1_ | a | Автор | Надсон С. Я. |
| q | Полное имя | Надсон Семен Яковлевич | ||
| 700 | 1_ | a | Автор | Якубович П. Ф. |
| q | Полное имя | Якубович Петр Филиппович | ||
| 700 | 1_ | a | Автор | Фофанов К. М. |
| q | Полное имя | Фофанов Константин Михайлович | ||
| 700 | 1_ | a | Автор | Случевский К. К. |
| q | Полное имя | Случевский Константин Константинович | ||
| 700 | 1_ | a | Автор | Михаловский Д. Л. |
| 700 | 1_ | a | Автор | Минский Н. М. |
| q | Полное имя | Минский Николай Максимович | ||
| 700 | 1_ | a | Автор | Мережковский Д. С. |
| q | Полное имя | Мережковский Дмитрий Сергеевич | ||
| 700 | 1_ | a | Автор | Льдов К. Н. |
| q | Полное имя | Льдов Константин | ||
| 700 | 1_ | a | Автор | Цертелев Д. Н. |
| 700 | 1_ | a | Автор | Голенищев-Кутузов А. А. |
| q | Полное имя | Голенищев-Кутузов Арсений Аркадьевич | ||
| 700 | 1_ | a | Автор | Андреевский С. А. |
| q | Полное имя | Андреевский Сергей Аркадьевич | ||
| 700 | 1_ | a | Автор | Чюмина О. Н. |
| q | Полное имя | Чюмина Ольга Николаевна | ||
| 700 | 1_ | a | Автор | Будищев А. Н. |
| q | Полное имя | Будищев Алексей Николаевич | ||
| 700 | 1_ | a | Автор | Соловьева П. С. |
| q | Полное имя | Соловьева Поликсена Сергеевна | ||
| 700 | 1_ | a | Автор | Федоров А. М. |
| q | Полное имя | Федоров Александр Митрофанович | ||
| 700 | 1_ | a | Автор | Коринфский А. А. |
| q | Полное имя | Коринфский Апполон Апполонович | ||
| 700 | 1_ | a | Автор | Романов К. К. |
| q | Полное имя | Романов Константин Константинович | ||
| 700 | 1_ | a | Автор | Батурлин П. Д. |
| 700 | 1_ | a | Автор | Сафонов С. А. |
| 700 | 1_ | a | Автор | Червинский Ф. А. |
| 700 | 1_ | a | Автор | Ратгауз Д. М. |
| q | Полное имя | Ратгауз Грейнем Израилевич | ||
| 700 | 1_ | a | Автор | Лялечкин И. О. |
| 700 | 1_ | a | Автор | Шестаков Д. П. |
| 700 | 1_ | a | Автор | Лохвицкая М. А. |
| q | Полное имя | Лохвицкая Мирра | ||
| 700 | 1_ | a | Автор | Бунин И. А. |
| q | Полное имя | Бунин Иван Алексеевич | ||
| 900 | a | Имя электронного ресурса | obl_Priroda_v_russkix | |
| x | Справочная информация | Обложка | ||
| 901 | t | Тип документа | m | |
| 952 | a | Тип литературы для КСУ ВШ | ЛХИ |